| 000 | 00798nam a2200205 i 4500 | ||
|---|---|---|---|
| 001 | 109890 | ||
| 003 | ES-MaACL | ||
| 005 | 20231227160643.0 | ||
| 007 | t| | ||
| 008 | 061121s1923 xxu |||| | spa d | ||
| 100 | 1 |
_aOnís, Federico de, _d1885-1966 _987087 |
|
| 245 | 1 | 0 |
_aJacinto Benavente _b: estudio literario / _cpor Federico de Onís. |
| 260 |
_aNew York : _bInstituto de las Españas de los Estados Unidos, _c1923. |
||
| 300 |
_a73 p. ; _c20 cm. |
||
| 500 | _aRetrato de Benavente. | ||
| 600 | 1 | 7 |
_aBenavente, Jacinto, _d1866-1954- _xCrítica e interpretación _2 _9169710 |
| 710 | 2 |
_aInstituto de las Españas (Nueva York) _94983 |
|
| 852 |
_aES-MaACL _j1665-F-14 _z.- Anotación manuscrita: "Obsequiado al Ateneo de Madrid por su socio Gf. Mc Hale" |
||
| 999 |
_c109890 _d109890 |
||